• 首页
  • 本馆介绍
  • 公告通知
  • 最新文献
  • 馆藏检索
  • 电子资源
  • 读者导购
  • 参考咨询
  • 我的图书馆
  • 登录
  • 详细信息显示
  • 放入我的书架
  • 预约/预借图书
  • 作者相关作品
  • 分类相关作品
  • 丛书相关作品
  • 出版社相关作品

书目信息

  • 表格格式
  • 工作单格式
  • 卡片格式
题名:
台湾人民反割台斗争
    
 
作者: 刘培华 著
分册:  
出版信息: 北京   中华书局  1982.12
页数: 35页
开本: 20cm
丛书名: 中国历史小丛书
单 册:
中图分类: K256.4
科图分类:
主题词: 中国--历史--1840~1949
电子资源:
ISBN:
000 00615nam0 2200217 45
001 0312221749
005 20060725103357.65
010    @dCNY0.12
091    @a11018.1119
100    @a20031222d1982 km y0chiy0120 ea
101    @achi
200 1  @a台湾人民反割台斗争@ATai Wan Ren Min Fan Ge Tai Dou Zheng@f刘培华著@FLiu Pei Hua Zhu
210    @a北京@c中华书局@d1982.12
215    @a35页@d20cm
225    @a中国历史小丛书
410    @12001 @a中国历史小丛书
606 0  @a中国@x历史@z1840~1949
690    @aK256.4@v3
701 0  @a刘培华@4著
801    @aCN@bTSTCL@c20060725
905    @dK256.4@e7@f4@b87829-832
    
    台湾人民反割台斗争/刘培华著.-北京:中华书局,1982.12
    35页;20cm.-(中国历史小丛书)
    
    
    ISBN :CNY0.12
    
●
相关链接 在E读中查询图书 在五车中查询图书 在当当中查询图书 在豆瓣中查询图书


正题名:台湾人民反割台斗争     索取号:K256.4/7         预约/预借

序号 登录号 条形码 馆藏地/架位号 状态 备注
1 0087829   001285264   第二借阅区/ [索取号:K256.4/7] 在馆    
2 0087830   001285282   第二借阅区/ [索取号:K256.4/7] 在馆    
3 0087831   001285219   第二借阅区/ [索取号:K256.4/7] 在馆    
4 0087832   001285255   第二借阅区/ [索取号:K256.4/7] 在馆    
5 0087833   001285273   第二样本阅览室/ [索取号:K256.4/7] 在馆    
6 0087839   001285264   第二借阅区/ [索取号:K256.4/7] 在馆    
7 0436093   204360930   密集书库/ [索取号:K256.4/7] 在馆    
8 0436094   204360949   密集书库/ [索取号:K256.4/7] 在馆    
9 0436095   204360958   密集书库/ [索取号:K256.4/7] 在馆    
10 0436096   204360967   密集书库/ [索取号:K256.4/7] 在馆    
11 0436097   204360976   密集书库/ [索取号:K256.4/7] 在馆    
唐山师范学院图书馆 欢迎您!
大连网信软件有限公司© 版权所有